Statistiques concernant QUIZ Harry Potter

Cliquez ici pour prendre le quiz!

Statistiques générales

  • Ce quiz a été pris 541 fois
  • Le résultat moyen est 13 sur 15

Statistiques - réponses

QuestionRéponse% Correct
A qui appartient le livre de potions qu'utilise Harry lors de sa sixième année?Au prince de sang-mêlé
98%
Comment s'appelle la potion qu'utilisent Harry, Ron et Hermione en deuxième année afin de prendre l'apparence de Crabbe et de Goyle?Le polynectar
98%
Lequel de ces sortilèges est un impardonnable?Doloris
97%
Quel professeur n'a jamais enseigné la Défense Contre Les Forces Du Mal?Filius Flitwick
96%
Par qui Neville a-t-il été élevé?Sa grand-mère
96%
Lequel de ces couples n'est jamais apparu dans la saga Harry Potter?Nymphadora Tonks/Sirius Black
95%
Qui est Bellatrix Lestrange pour Sirius Black?Sa cousine
95%
Parmi ces propositions, quelle personne n'est pas un animagus?Severus Rogue
94%
Quel est le sort lancé au professeur Lockhart par le professeur Rogue durant les cours de duels en deuxième année?Expelliarmus
92%
Pourquoi le professeur Rogue est-il si méchant avec Harry?Parce que le père de Harry l'a harcelé durant toute sa scolarité
91%
Lequel de ces professeurs était un agent double?Severus Rogue
91%
Lequel de ces personnages n'a jamais occupé le poste de directeur de Poudlard?Nymphadora Tonks
89%
Comment s'appelle l'elfe de maison de M.Croupton?Winky
85%
Comment s'appelle la chouette de Percy (le frère de Ron)?Hermès
70%
Combien d'horcruxes Lord Voldemort a-t-il créés volontairement?6
55%

Distribution des résultats

Percentile par nombre de réponses

% des personnes avec chaque résultat

Votre développement - résultats

Vous n’avez pas pris ce quiz